000 00627nam a2200193Ia 4500
005 20250508153355.0
008 008 250505s9999 xx 000 0 eng d
037 _aTextual
040 _aFEDL
_beng
_cFEDL
041 _aeng
_2eng
084 _a021., UNI
_qFEDL
245 0 _aLibrary science dissertations 1925-60: An anotated bibliography of doctoral studies
245 0 _cU.S. Department of Health, Education, and Welfare
260 _aWashington, USA
_bU.S. Government Printing Office
_c1963
300 _av,119p.
650 _aLibrary Science
942 _cTEXL
_h021., UNI
999 _c1342393
_d1342393